1036 1730 1961 1774 1393 1825 1055 1909 1553 1644 1837 1924 1214 1314 1434 1340 1806 1942 1041 1632 1485 1158 1007 1453 1157 1243 1698 1654 1175 1399 1120 1078 1810 1692 1735 1285 1781 1762 1510 1348 1311 1662 1758 1921 1285 1541 1058 1332 1639 1720 1347 1594 1449 1917 1570 1627 1855 1890 1606 1545 1129 1296 1705 1057 1651 1717 1783 1126 1666 1191 1306 1117 1107 1774 1818 1603 1405 1136 1527 1454 1971 1176 1481 1986 1344 1383 1995 1812 1508 1815 1906 1273 1316 1421 1602 1020 1046 1327 1499 BCNSPRNW ULIB Ver.6.0+V

เปลี่ยนเป็นภาษาไทย

Change to English
 แสดงรายละเอียดบรรณานุกรม
  กลับหน้าหลัก

Brief Record : Get Marc (ISO 2709) : E-mail record : QR code < ปิดหน้าต่าง
LEADER : 00000nam 2200000uu 4500
001    13399128857
003     ULIB
008    241021s2566||||th 000 0 tha d
020 ^^ ^a9786164263314
060 ^^ ^aWA105^bศ111ร
100 ^^ ^aศักดิ์ชัย ไชยมหาพฤกษ์
245 ^^ ^aระบาดวิทยาและสถิติ = ^bEpidemiology and Statistics/^cศักดิ์ชัย ไชยมหาพฤกษ์
250 ^^ ^aพิมพ์ครั้งที่ 2
260 ^^ ^aพิษณุโลก : ^bสำนักพิมพ์มหาวิทยาลัยนเรศวร,^c2566
300 ^^ ^a330 หน้า
502 ^^ ^aบทนำสู่ระบาดวิทยา Introduction to Epidemiology -- การวัดทางระบาดวิทยา Measures in Epidemiology -- การวัดความสัมพันธ์ Measures of Association -- การออกแบบวิจัย Study Design -- การวิจัยแบบสังเกตุ Observational Study -- การวิจัยเชิงทดลอง Experimental study -- อคติ Bias -- ตัวแปรกวน Confounder -- การทดสอบวินิจฉัยโรค Diagnostic Test -- การวัด Measurement -- สถิติเชิงพรรณา Descriptive Statistics -- สถิติเชิงอ้างอิง Statistical Inference -- การทดสอบทางสถิติ Statistical Test -- โปรแกรมคอมพิวเตอร์ PSPP -- การเปรียบเทียบตัวแปรเชิงตัวเลข Comparing Numerical Data -- การวิเคราะห์ความสัมพันธ์ Correlation -- การวิเคราะห์ถดถอย Regression -- การวิเคราะห์การรอดชีพ Time-to-Event Analysis -- การสาธารณสุข Public Health -- การป้องกันควบคุมโรคติดต่อ Prevention & Control of Communicable Diseases -- เวชศาสตร์เชิงประจักษ์ Evidence-Based Medicine
650 ^^ ^aชีวสถิติ
650 ^^ ^aระบาดวิทยา^xระเบียบวิธีทางสถิติ
945    ^p400^l0^i011114
945    ^p400^l0^i011115
945    ^p400^l0^i011116
945    ^p400^l0^i011789
945    ^p400^l0^i011790
945    ^p400^l0^i011791
999    ^aประนอม เกษจรัล
รายการนี้ยังไม่มีแท็ก
คุณยังไม่ได้ล็อกอิน คุณสามารถมีกิจกรรมร่วมกับเว็บไซต์ได้ แต่ต้องล็อกอินก่อน ::
  ล็อกอิน

รายการสื่อสารสนเทศ

ลำดับที่ ประเภท เลขเรียก/บาร์โค้ด สถานที่ สถานะ
1. วิทยาศาสตร์การแพทย์ และสุขภาพ
หนังสือสำรอง
สถานะ=หนังสือสำรอง
WA105 ศ111ร ฉ.1 
  Barcode: 011114
ห้องสมุดวิทยาเขตสวรรค์ประชารักษ์
►หนังสือทั่วไป
บนชั้น
2. วิทยาศาสตร์การแพทย์ และสุขภาพ
วิทยาศาสตร์การแพทย์ และสุขภาพ
WA105 ศ111ร ฉ.2 
  Barcode: 011115
ห้องสมุดวิทยาเขตสวรรค์ประชารักษ์
►หนังสือทั่วไป
บนชั้น
3. วิทยาศาสตร์การแพทย์ และสุขภาพ
วิทยาศาสตร์การแพทย์ และสุขภาพ
WA105 ศ111ร ฉ.3 
  Barcode: 011116
ห้องสมุดวิทยาเขตสวรรค์ประชารักษ์
►หนังสือทั่วไป
บนชั้น
4. Book การพยาบาล
Book การพยาบาล
WA105 ศ111ร ฉ.4 
  Barcode: 011789
ห้องสมุดวิทยาเขตสวรรค์ประชารักษ์
►หนังสือทั่วไป
บนชั้น
5. Book การพยาบาล
Book การพยาบาล
WA105 ศ111ร ฉ.5 
  Barcode: 011790
ห้องสมุดวิทยาเขตสวรรค์ประชารักษ์
►หนังสือทั่วไป
บนชั้น
6. Book การพยาบาล
Book การพยาบาล
WA105 ศ111ร ฉ.6 
  Barcode: 011791
ห้องสมุดวิทยาเขตสวรรค์ประชารักษ์
►หนังสือทั่วไป
บนชั้น

รายการใกล้เคียง
    ผู้แต่ง [ศักดิ์ชัย ไชยมหาพฤกษ์]

    หัวเรื่อง [ชีวสถิติ]

BibComment


ยังไม่เคยถูกคอมเมนท์

คอมเมนท์ทรัพยากรรายการนี้
  คอมเมนท์: ระบาดวิทยาและสถิ..


 Copyright 2026. Bcnsprnw @Library